| 000 | 00631nam a2200205 a 4500 | ||
|---|---|---|---|
| 005 | 20240210063840.0 | ||
| 008 | 140128s2012 mx r 000 0 spa d | ||
| 020 | _a9786071711373 | ||
| 035 | _aUPN01000195328 | ||
| 049 | _aCG | ||
| 050 | 4 |
_aHD61 _bB3.2 |
|
| 100 | 1 |
_aBaxter, Keith, _d1959- _934850 |
|
| 245 | 1 | 0 |
_aAdministración del riesgo / _cKeith Baxter ; tr. José Carmen Pecina Hernández. |
| 260 |
_aMéxico : _bTrillas, _c2012. |
||
| 300 |
_a248 p. : _bil. |
||
| 534 |
_pTítulo original : _tFast track to success : risk management |
||
| 650 | 4 |
_aAdministración de riesgos _93107 |
|
| 905 | _aLibro | ||
| 999 |
_c167429 _d167429 |
||